[Event "Panevezys op"]
[Site "Panevezys"]
[Date "2023.08.20"]
[Round "7"]
[White "Balciunaite, Jore"]
[Black "Muralis, Aloyzas"]
[Result "1-0"]
[WhiteElo "1472"]
[BlackElo "1906"]
[PlyCount "95"]
[EventDate "2023.08.18"]
[EventType "swiss"]
[EventRounds "7"]
[EventCountry "LTU"]
[SourceTitle "EXT 2024"]
[Source "ChessBase"]
[SourceDate "2023.10.10"]
[SourceVersion "1"]
[SourceVersionDate "2023.10.10"]
[SourceQuality "1"]

1. e4 e5 2. Nc3 Nc6 3. Nf3 Bc5 4. Nxe5 Nxe5 5. d4 Bxd4 6. Qxd4 Qf6 7. Qd1 c6 8. Be3 d6 9. h3 Ne7 10. Qd2 0-0 11. 0-0-0 d5 12. Bg5 Qe6 13. Bxe7 Qxe7 14. exd5 cxd5 15. Nxd5 Qc5 16. f4 Nc6 17. Qc3 Qxc3 18. Nxc3 Be6 19. g4 f6 20. Bg2 Rac8 21. f5 Bc4 22. Rd7 b5 23. Bxc6 Rxc6 24. Rxa7 b4 25. Nd1 b3 26. axb3 Bxb3 27. Nc3 Bc4 28. Rd1 Rcc8 29. Rdd7 Rf7 30. Rxf7 Bxf7 31. Rd7 Bc4 32. Kd2 Bf1 33. h4 Rc4 34. g5 Rxh4 35. gxf6 gxf6 36. Nd5 Rh6 37. b3 Bh3 38. c4 Kf8 39. Ne3 Rh5 40. Rd5 Rg5 41. c5 h5 42. c6 Bg2 43. Nxg2 Rxg2+ 44. Kc3 Rg1 45. Kb4 Ke7 46. Kb5 h4 47. Kb6 h3 48. Rd7+ 1-0

[Event "Taujenai Manor Cup"]
[Site "Taujenai"]
[Date "2021.11.28"]
[Round "9"]
[White "Muralis, Aloyzas"]
[Black "Griksaite, Leva"]
[Result "1/2-1/2"]
[WhiteElo "1748"]
[BlackElo "1518"]
[PlyCount "106"]
[EventDate "2021.11.27"]
[EventType "swiss (rapid)"]
[EventRounds "9"]
[EventCountry "LTU"]
[SourceTitle "EXT 2023"]
[Source "ChessBase"]
[SourceDate "2022.10.05"]
[SourceVersion "1"]
[SourceVersionDate "2022.10.05"]
[SourceQuality "1"]

1. e4 c5 2. c4 Nc6 3. Nc3 g6 4. d3 Bg7 5. f4 e5 6. Nf3 d6 7. Be3 Nd4 8. fxe5 dxe5 9. Be2 Ne7 10. Qd2 Bg4 11. h3 Bxf3 12. Bxf3 Nxf3+ 13. gxf3 b6 14. h4 Nc6 15. 0-0-0 Nd4 16. Qg2 Qf6 17. Rdf1 0-0-0 18. Bg5 Qe6 19. Bxd8 Rxd8 20. h5 Nc6 21. Nd5 Nb4 22. Nxb4 cxb4 23. Rd1 Bh6+ 24. Kc2 Qc6 25. hxg6 Qa4+ 26. Kb1 hxg6 27. Qc2 Qxc2+ 28. Kxc2 Bf4 29. Rh7 Rd7 30. Rdh1 a5 31. Rg7 a4 32. b3 axb3+ 33. axb3 b5 34. Ra1 Kb7 35. Rh7 bxc4 36. bxc4 b3+ 37. Kc3 b2 38. Rb1 Bc1 39. Rh1 Kc6 40. Rbxc1 bxc1Q+ 41. Rxc1 Ra7 42. Kd2 Kc5 43. Ke3 Rb7 44. Rf1 f5 45. exf5 gxf5 46. Rh1 Rb2 47. Re1 Ra2 48. f4 exf4+ 49. Kxf4 Kd4 50. Kxf5 Kxd3 51. c5 Rc2 52. Rd1+ Kc4 53. Rd8 Rf2+ 1/2-1/2

[Event "Taujenai Manor Cup"]
[Site "Taujenai"]
[Date "2021.11.27"]
[Round "1"]
[White "Muralis, Aloyzas"]
[Black "Mikolavicius, Marius"]
[Result "1-0"]
[WhiteElo "1748"]
[BlackElo "1062"]
[PlyCount "67"]
[EventDate "2021.11.27"]
[EventType "swiss (rapid)"]
[EventRounds "9"]
[EventCountry "LTU"]
[SourceTitle "EXT 2023"]
[Source "ChessBase"]
[SourceDate "2022.10.05"]
[SourceVersion "1"]
[SourceVersionDate "2022.10.05"]
[SourceQuality "1"]

1. e4 c6 2. d4 d5 3. e5 Bf5 4. Bd3 Bxd3 5. Qxd3 e6 6. c3 c5 7. a3 Nc6 8. b4 cxd4 9. cxd4 a6 10. Nf3 Nge7 11. 0-0 Nf5 12. Nbd2 Be7 13. Nb3 0-0 14. Bd2 h6 15. g4 Nh4 16. Nxh4 Bxh4 17. Nc5 Qc7 18. f4 Be7 19. Rfc1 Bxc5 20. bxc5 Qe7 21. Be1 Qc7 22. Rcb1 Qe7 23. h4 Qc7 24. Rb6 Rfb8 25. Kg2 Qe7 26. Kg3 Qc7 27. Rd1 Qe7 28. Qf3 Qc7 29. g5 hxg5 30. hxg5 Qe7 31. Bc3 g6 32. Qh1 Kg7 33. Qh6+ Kg8 34. Rg1 1-0

[Event "Jonava Banaitis Memorial"]
[Site "Jonava"]
[Date "2020.01.19"]
[Round "1.5"]
[White "Sakalauskas, Vaidas"]
[Black "Muralis, Aloyzas"]
[Result "1-0"]
[WhiteElo "2329"]
[BlackElo "1694"]
[PlyCount "77"]
[EventDate "2020.01.19"]
[EventType "swiss (rapid)"]
[EventRounds "9"]
[EventCountry "LTU"]
[SourceTitle "EXT 2023"]
[Source "ChessBase"]
[SourceDate "2022.10.05"]
[SourceVersion "1"]
[SourceVersionDate "2022.10.05"]
[SourceQuality "1"]

1. d4 c6 2. c4 g6 3. e4 Bg7 4. Nc3 d6 5. Be2 Qb6 6. Nf3 Bg4 7. Na4 Qa5+ 8. Bd2 Qc7 9. Be3 Qa5+ 10. Nc3 c5 11. 0-0 cxd4 12. Nxd4 Bxe2 13. Qxe2 Nc6 14. Rfd1 Nf6 15. a3 a6 16. b4 Qc7 17. Rac1 Ne5 18. Nd5 Nxd5 19. cxd5 Qd7 20. h3 Qd8 21. f4 Nd7 22. Rc2 Nf6 23. Qd3 Rc8 24. Rdc1 Rxc2 25. Qxc2 0-0 26. Nf3 Bh6 27. g4 Bg7 28. Nd2 e5 29. fxe5 dxe5 30. Qc7 Qb8 31. Kg2 h6 32. Kf3 Rd8 33. Bb6 Re8 34. d6 Qxc7 35. Rxc7 Rd8 36. Nc4 Rd7 37. Rc8+ Kh7 38. Bc7 Ng8 39. Nb6 1-0

[Event "Panevezys op U2200"]
[Site "Panevezys"]
[Date "2015.12.05"]
[Round "2"]
[White "Butvilas, Aistis"]
[Black "Muralis, Aloyzas"]
[Result "1/2-1/2"]
[WhiteElo "1781"]
[BlackElo "1866"]
[PlyCount "74"]
[EventDate "2015.12.04"]
[EventType "swiss"]
[EventRounds "6"]
[EventCountry "LTU"]
[SourceTitle "CBM 169 Extra"]
[Source "ChessBase"]
[SourceDate "2015.12.18"]
[SourceVersion "1"]
[SourceVersionDate "2015.12.18"]
[SourceQuality "1"]

1. d4 c6 2. c4 g6 3. Nf3 Bg7 4. g3 d6 5. Bg2 Bg4 6. 0-0 Qb6 7. e3 Na6 8. Qb3 Qxb3 9. axb3 Nf6 10. Na3 0-0 11. h3 Bd7 12. Bd2 Rfe8 13. Bc3 Ne4 14. Nd2 Nxc3 15. bxc3 Nc7 16. Nc2 a6 17. b4 Rab8 18. c5 d5 19. c4 Bf5 20. Ra2 Bd3 21. Rc1 dxc4 22. Ne1 e5 23. dxe5 Bxe5 24. Nxc4 Bxc4 25. Rxc4 Rbd8 26. Kf1 Nb5 27. Bf3 Re7 28. Kg2 Red7 29. Be2 Bg7 30. Nf3 Nc7 31. Ng5 Nb5 32. Rcc2 Nc3 33. Ra3 h6 34. Nf3 Nd5 35. Rb3 Nc7 36. Bc4 Kf8 37. h4 Nd5 1/2-1/2

[Event "Panevezys op U2200"]
[Site "Panevezys"]
[Date "2015.12.05"]
[Round "4"]
[White "Gedmintas, Darius"]
[Black "Muralis, Aloyzas"]
[Result "0-1"]
[WhiteElo "1631"]
[BlackElo "1866"]
[PlyCount "120"]
[EventDate "2015.12.04"]
[EventType "swiss"]
[EventRounds "6"]
[EventCountry "LTU"]
[SourceTitle "CBM 169 Extra"]
[Source "ChessBase"]
[SourceDate "2015.12.18"]
[SourceVersion "1"]
[SourceVersionDate "2015.12.18"]
[SourceQuality "1"]

1. d4 c6 2. c4 g6 3. Nc3 Bg7 4. Nf3 Qa5 5. Bd2 d6 6. e3 Qc7 7. Rc1 Nf6 8. h3 Bf5 9. Be2 h6 10. Nh2 g5 11. Ng4 Nbd7 12. b4 Bg6 13. a4 Rd8 14. Qb3 0-0 15. d5 Rb8 16. 0-0 Nxg4 17. Bxg4 Ne5 18. Be2 Qd7 19. e4 Qc7 20. f4 gxf4 21. Bxf4 Kh7 22. Kh1 Qd8 23. Qd1 Qb6 24. Qb3 Nd7 25. Bf3 Ne5 26. Be2 Nd7 27. Bf3 a5 28. Rb1 axb4 29. Na2 c5 30. Rfe1 Ra8 31. Bd1 Qa6 32. Rc1 Nb6 33. Nxb4 cxb4 34. Qxb4 Nxa4 35. Bxa4 Qxa4 36. Qxb7 Qa7 37. Qxa7 Rxa7 38. c5 dxc5 39. Rxc5 Ra4 40. d6 exd6 41. Bxd6 Re8 42. e5 Rd4 43. Bc7 Rc8 44. Kg1 Re8 45. Kf1 Rd2 46. Ra5 Re6 47. Ra3 Bf8 48. Rf3 Rd7 49. Ba5 Rd5 50. Bc3 Bc5 51. g4 Kg8 52. Kg2 Bd3 53. Rf6 Rxf6 54. exf6 Bb5 55. Re5 Rxe5 56. Bxe5 Kh7 57. Kg3 Bb4 58. Bd4 Kg6 59. Kf4 Bd2+ 60. Kg3 Bg5 0-1